| 000 | 01671cam a22002054a 4500 | ||
|---|---|---|---|
| 005 | 20250605163947.0 | ||
| 008 | 250528s ||||||||||||||||||||||||d | ||
| 035 | _a15264 | ||
| 040 |
_aGR-AtMCL _bgre _dGR-AtMCL _eAACR2 |
||
| 245 | 1 | _aΟργανωτική και Διοίκηση των Επιχειρήσεων / Ανάλυσις δραστηριοτήτων της διοικήσεως | |
| 250 | _a2η | ||
| 260 |
_bΘεόδωρου Π. Τυροβολά, _c1979 |
||
| 300 | _a334 | ||
| 505 | 0 | _aΟικ.' Οργανισμοί - Επιχείρησις - Επιχειρηματίας, Φύσις και σημασία της Διοικήσεως - Θεωρία της Διοικήσεως - Δραστηριότητες της Διοικήσεως, Αρχαί του Προγραμματίζειν, Αρχαί του Οργανώνειν, Αρχαί του Επανδρώνειν εις Managers, Αρχαί του Διευθύνειν, Αχαί του Ελέγχειν, Επιχειρηματικά Προβλήματα. | |
| 520 | _aΟικ.' Οργανισμοί - Επιχείρησις - Επιχειρηματίας, Φύσις και σημασία της Διοικήσεως - Θεωρία της Διοικήσεως - Δραστηριότητες της Διοικήσεως, Αρχαί του Προγραμματίζειν, Αρχαί του Οργανώνειν, Αρχαί του Επανδρώνειν εις Managers, Αρχαί του Διευθύνειν, Αχαί του Ελέγχειν, Επιχειρηματικά Προβλήματα. | ||
| 700 | 1 |
_aΛιαρμακοπούλος Μ _9979 |
|
| 942 | _cBK | ||
| 999 |
_c857 _d857 |
||